Grey's anatomy (saison 3) #1 - Statistiques

Statistiques générales
  • Ce quiz a été pris 624 fois
  • Le résultat moyen est 3 sur 15
Statistiques - réponses
Hint Réponse % Correct
Qui couvre Meredith quand sa culotte est épinglé ? Callie Torres
82%
Quel membre de la famille de George est admit à l'hopital? Son père
67%
Quel medecin est embauché dans cette saison au Seattle Grace Hospital ? Mark Sloan
44%
Au début de la saison, à cause de quelle infection George et Derek sont en quarantaine ? La peste
33%
Quel est le montant du chèque d'Izzie ? 8 millions
30%
Le cas de quel patient est exposé lors de la conférence Morbidité et Mortalité ? Denny Ducket
15%
Quel chirurgien va l'operer ? Erica Hahn
15%
Quel membre de la famille de Derek lui rend visite ?(prénom, nom) Nancy Shepherd
14%
Que demande Adèle a Webber? Prendre sa retraite
7%
Face à la grossesse de qui Meredith est confronté ? Sa demi-soeur
7%
Comment Izzie se remet de la mort de Denny ? Elle cuisine
6%
Quelle est la première chose que Izzie finance grace à son chèque ? Une opération
5%
A cause de quoi ? Problème cardiaque
1%
Avec qui Derek part camper ? Alex, Burk, George, Joe, Walter, Webber
0%
Où rencontre pour la première fois la mère de Burke ? Sur le lit de Burke
0%
Aucun quiz correspondant
Distribution des résultats
% des personnes avec chaque résultat
Percentile par nombre de réponses
Votre historique - résultats
Vous n’avez pas pris ce quiz